[Event "Jugend WM U20"]
[Site "Istanbul"]
[Date "2005.11.12"]
[Round "4.41"]
[White "Moosavian, S Hamed"]
[Black "Tulay, Berkay"]
[Result "1-0"]
[WhiteElo "2263"]
[BlackElo "2179"]
[PlyCount "89"]
[EventDate "2005.11.??"]
[EventType "swiss"]
[EventRounds "13"]
[EventCountry "TUR"]
[Source "Reinhold Goldau"]
[SourceDate "2000.03.01"]

1. d4 d6 2. e4 g6 3. Nc3 Bg7 4. Bg5 c5 5. dxc5 Qa5 6. Qd2 Qxc5 7. Nd5 Bd7 8.
O-O-O Qc8 9. Ne2 Na6 10. Nec3 Bc6 11. Bc4 Qd7 12. Rhe1 Rc8 13. f4 b5 14. Bf1 e6
15. Ne3 f6 16. Bh4 Rd8 17. f5 e5 18. Ncd5 g5 19. Bf2 Nc5 20. Qb4 a6 21. Nb6 Qb7
22. Ned5 Ne7 23. h4 h6 24. Be2 O-O 25. hxg5 a5 26. Qxa5 hxg5 27. Bxb5 Bxb5 28.
Nxe7+ Qxe7 29. Qxb5 Qf7 30. Bxc5 dxc5 31. Qxc5 Qxa2 32. Qc4+ Qxc4 33. Nxc4 Ra8
34. Rd7 Rfc8 35. b3 Ra2 36. Red1 Bf8 37. Rd8 Ra1+ 38. Kb2 Rxd8 39. Rxa1 Rd4 40.
Re1 g4 41. c3 Rd3 42. Kc2 Rd7 43. Ne3 Bh6 44. Nd5 Bg5 45. Ra1 1-0

[Event "Jugend WM U20"]
[Site "Istanbul"]
[Date "2005.11.12"]
[Round "4.42"]
[White "Ouakhir, Mehdi"]
[Black "Stander, Heinrich"]
[Result "0-1"]
[WhiteElo "2239"]
[BlackElo "2128"]
[PlyCount "182"]
[EventDate "2005.11.??"]
[EventType "swiss"]
[EventRounds "13"]
[EventCountry "TUR"]
[Source "Reinhold Goldau"]
[SourceDate "2000.03.01"]

1. d4 e6 2. c4 f5 3. g4 Nf6 4. gxf5 exf5 5. Nc3 d6 6. Nf3 Be7 7. Qc2 O-O 8. Bg5
c6 9. Rg1 Ng4 10. Bf4 Kh8 11. h3 Nf6 12. e3 a6 13. Bd3 Nh5 14. O-O-O Nxf4 15.
exf4 b5 16. Rde1 Ra7 17. Ng5 bxc4 18. Bxc4 d5 19. Bd3 Bd6 20. Kb1 Bxf4 21. Ne6
Bxe6 22. Rxe6 Raf7 23. Qe2 g6 24. Na4 Bh6 25. Nc5 Bg7 26. Nxa6 Qb6 27. Rc1 Qxd4
28. Nc5 Qh4 29. Qf3 Re7 30. Rc2 Rfe8 31. Rce2 Qb4 32. Rxe7 Rxe7 33. Nb3 Qd6 34.
Rxe7 Qxe7 35. Qe2 Be5 36. a4 Kg7 37. Bc2 Bf6 38. Bd1 Qxe2 39. Bxe2 Bh4 40. f3
Bf2 41. a5 c5 42. Bb5 c4 43. Nc1 Kf6 44. b3 cxb3 45. Kb2 Kg5 46. Nd3 Bd4+ 47.
Kxb3 Kh4 48. Nf4 g5 49. Nxd5 Kxh3 50. Kc4 Bg1 51. Kd3 Kg2 52. Ke2 f4 53. Nf6 h6
54. a6 Bd4 55. Ne4 Bb6 56. Nf6 Kg3 57. Ne4+ Kh4 58. Nd6 Bc5 59. Nc8 Nxa6 60.
Bxa6 Kg3 61. Kd3 h5 62. Kc4 h4 63. Kxc5 h3 64. Nd6 h2 65. Ne4+ Kg2 66. Bc8 h1=Q
67. Bg4 Qh8 68. Kd5 Qe8 69. Nd6 Qe7 70. Nf5 Qf6 71. Nd6 Kf1 72. Ne4 Qe7 73. Bh5
Ke2 74. Kd4 Kd1 75. Bg4 Kc2 76. Bh5 Kb3 77. Nc5+ Kb4 78. Ne4 Kb5 79. Bg4 Kc6
80. Kc4 Qe5 81. Nc3 Qc5+ 82. Kd3 Qb4 83. Be6 Kd6 84. Bh3 Kc6 85. Bg4 Kd6 86.
Ne4+ Kc6 87. Bh3 Qb3+ 88. Ke2 Qe3+ 89. Kf1 Qxf3+ 90. Nf2 Kd6 91. Bg4 Qe3 0-1

[Event "Jugend WM U20"]
[Site "Istanbul"]
[Date "2005.11.12"]
[Round "4.43"]
[White "Tanrikulu, Erhan"]
[Black "Bekkat, Azeddinne"]
[Result "1-0"]
[WhiteElo "2151"]
[BlackElo "2202"]
[PlyCount "79"]
[EventDate "2005.11.??"]
[EventType "swiss"]
[EventRounds "13"]
[EventCountry "TUR"]
[Source "Reinhold Goldau"]
[SourceDate "2000.03.01"]

1. e4 c5 2. c3 e6 3. d4 cxd4 4. cxd4 Nc6 5. Nf3 Nf6 6. Nc3 Bb4 7. Bd3 d5 8.
exd5 Nxd5 9. Bd2 Nf6 10. a3 Be7 11. Bg5 O-O 12. O-O h6 13. Bh4 Qb6 14. Qd2 Rd8
15. Rad1 Kf8 16. Bb1 a6 17. Rfe1 Qa5 18. Qc2 g5 19. Bg3 Kg7 20. Be5 Rh8 21. Ne4
g4 22. Nxf6 Bxf6 23. Bxf6+ Kxf6 24. Ne5 Nxe5 25. dxe5+ Ke7 26. Qe4 Rg8 27. Qf4
h5 28. Bh7 Rd8 29. Qf6+ Ke8 30. Bg8 Rd7 31. b4 Qc7 32. Rd6 Kf8 33. Bxf7 Rxf7
34. Rd8+ Qxd8 35. Qxd8+ Kg7 36. Rc1 Rd7 37. Qg5+ Kf8 38. Qxh5 b5 39. Qxg4 Rg7
40. Qf3+ 1-0

[Event "Jugend WM U20"]
[Site "Istanbul"]
[Date "2005.11.12"]
[Round "4.44"]
[White "Uzun, Fuat"]
[Black "Lauda, Alexandr"]
[Result "1-0"]
[WhiteElo "2070"]
[BlackElo "2010"]
[PlyCount "55"]
[EventDate "2005.11.??"]
[EventType "swiss"]
[EventRounds "13"]
[EventCountry "TUR"]
[Source "Reinhold Goldau"]
[SourceDate "2000.03.01"]

1. d4 Nf6 2. c4 e6 3. Nf3 b6 4. a3 Bb7 5. Nc3 Be7 6. Qc2 d5 7. cxd5 Nxd5 8. e4
Nxc3 9. bxc3 O-O 10. Bd3 Nd7 11. e5 h6 12. Be3 c5 13. Qd2 cxd4 14. cxd4 Re8 15.
Bxh6 Nc5 16. dxc5 gxh6 17. Bb5 Bxf3 18. Bxe8 Bd5 19. Bb5 Bxc5 20. Qxh6 Bd4 21.
Bd3 Bc3+ 22. Ke2 f5 23. exf6 Qc7 24. Qg6+ Kf8 25. Qh6+ Kg8 26. Qg5+ Kf8 27.
Rac1 Qc5 28. Qg7+ 1-0

[Event "Jugend WM U20"]
[Site "Istanbul"]
[Date "2005.11.12"]
[Round "4.45"]
[White "Agdestein, Emil"]
[Black "Acuner, Emrah"]
[Result "1-0"]
[WhiteElo "2057"]
[BlackElo "1903"]
[PlyCount "125"]
[EventDate "2005.11.??"]
[EventType "swiss"]
[EventRounds "13"]
[EventCountry "TUR"]
[Source "Reinhold Goldau"]
[SourceDate "2000.03.01"]

1. e4 c5 2. Nc3 Nc6 3. f4 d6 4. Nf3 Nf6 5. Bb5 e6 6. O-O Be7 7. d3 Bd7 8. Qe1
O-O 9. e5 Nd5 10. Bxc6 Bxc6 11. Ne4 Nb4 12. exd6 Bxd6 13. Qf2 Qe7 14. Nxd6 Qxd6
15. a3 Nd5 16. Ne5 Rac8 17. b3 Ne7 18. Bb2 Nf5 19. Rae1 Nd4 20. Re3 Bd5 21. Nc4
Bxc4 22. dxc4 Qe7 23. f5 Qf6 24. fxe6 Qxf2+ 25. Rxf2 Nxe6 26. Rd2 Rfd8 27. Red3
Rxd3 28. Rxd3 Rd8 29. Kf2 f5 30. Kf3 g5 31. Rd5 Rxd5 32. cxd5 Nf8 33. Bf6 h6
34. h4 Nh7 35. hxg5 hxg5 36. Be7 b6 37. c4 Kf7 38. Bd6 Nf6 39. Bb8 Nd7 40. Bd6
Ke8 41. Bg3 Nf6 42. Be1 Kd7 43. Bc3 Ne4 44. Be1 Nd6 45. a4 a6 46. Bd2 Ne4 47.
Be1 Nd6 48. Bd2 Nf7 49. Bc3 Nd6 50. Bd2 Ne4 51. Bc1 Kd6 52. g4 Ke5 53. Bb2+ Kd6
54. gxf5 Nd2+ 55. Kg4 Nxb3 56. Kxg5 Nd2 57. Kg6 Nf3 58. Bg7 Nh4+ 59. Kg5 Nf3+
60. Kf4 Nh4 61. Kg4 Ng2 62. f6 Ne3+ 63. Kg5 1-0

[Event "Jugend WM U20"]
[Site "Istanbul"]
[Date "2005.11.13"]
[Round "5.2"]
[White "Smeets, Jan"]
[Black "Alekseev, Evgeny"]
[Result "1/2-1/2"]
[WhiteElo "2531"]
[BlackElo "2632"]
[PlyCount "60"]
[EventDate "2005.11.??"]
[EventType "swiss"]
[EventRounds "13"]
[EventCountry "TUR"]
[Source "Reinhold Goldau"]
[SourceDate "2000.03.01"]

1. e4 c5 2. Nf3 d6 3. d4 cxd4 4. Nxd4 Nf6 5. Nc3 a6 6. Be3 e5 7. Nb3 Be6 8. f3
Nbd7 9. Qd2 Be7 10. g4 O-O 11. O-O-O Qc7 12. Kb1 b5 13. g5 Nh5 14. Nd5 Bxd5 15.
exd5 Nb6 16. Rg1 Rab8 17. Rg4 g6 18. h4 f5 19. Rb4 Ng3 20. Bd3 Kg7 21. Bxb6
Qxb6 22. a4 f4 23. axb5 Nf5 24. c3 axb5 25. Bxf5 gxf5 26. Re1 Bd8 27. c4 Qa7
28. Rxb5 Rxb5 29. cxb5 Qa4 30. Qd3 Bb6 1/2-1/2

[Event "Jugend WM U20"]
[Site "Istanbul"]
[Date "2005.11.13"]
[Round "5.5"]
[White "Stellwagen, Daniel"]
[Black "Heberla, Bartlomiej"]
[Result "1/2-1/2"]
[WhiteElo "2561"]
[BlackElo "2465"]
[PlyCount "98"]
[EventDate "2005.11.??"]
[EventType "swiss"]
[EventRounds "13"]
[EventCountry "TUR"]
[Source "Reinhold Goldau"]
[SourceDate "2000.03.01"]

1. e4 e6 2. d4 d5 3. Nc3 Nf6 4. e5 Nfd7 5. f4 c5 6. Nf3 Nc6 7. Be3 a6 8. Qd2 b5
9. Be2 Qb6 10. Nd1 a5 11. O-O b4 12. c3 g6 13. Nf2 Ba6 14. Bxa6 bxc3 15. bxc3
Qxa6 16. Ng4 Be7 17. Nh6 Nb6 18. Ng5 Nc4 19. Qe2 Nd8 20. dxc5 Nxe3 21. Qxe3 Rc8
22. Kh1 Rxc5 23. Rab1 Qc4 24. Qf2 Rc8 25. Qb6 Qc5 26. Qa6 Rc6 27. Qa8 Rc8 28.
Qa6 Rc6 29. Qa8 Rc8 30. Rb8 Qb5 31. Rxb5 Rxa8 32. a4 Bf8 33. Ng4 Be7 34. Rc1 h6
35. Nf3 Kf8 36. c4 Rc8 37. Ne3 Kg7 38. g3 Bb4 39. Rc2 dxc4 40. Rxc4 Nc6 41. Rb7
Rhd8 42. Rb6 Ne7 43. Rxc8 Rxc8 44. Ng4 Nd5 45. Rb7 Rc1+ 46. Kg2 Rc2+ 47. Kh3
Rc3 48. Kg2 Rc2+ 49. Kh3 Rc3 1/2-1/2

[Event "Jugend WM U20"]
[Site "Istanbul"]
[Date "2005.11.13"]
[Round "5.6"]
[White "Mamedov, Nidjat"]
[Black "Predojevic, Borki"]
[Result "1/2-1/2"]
[WhiteElo "2517"]
[BlackElo "2558"]
[PlyCount "100"]
[EventDate "2005.11.??"]
[EventType "swiss"]
[EventRounds "13"]
[EventCountry "TUR"]
[Source "Reinhold Goldau"]
[SourceDate "2000.03.01"]

1. e4 e5 2. Nf3 d6 3. d4 exd4 4. Nxd4 Nf6 5. Nc3 Be7 6. Bc4 O-O 7. Bb3 Na6 8.
O-O Nc5 9. Re1 c6 10. Bf4 a5 11. Bc4 a4 12. a3 Ng4 13. Nf5 Bxf5 14. exf5 Ne5
15. Ba2 Bf6 16. Qh5 g6 17. Qh3 Re8 18. Rad1 d5 19. Be3 Ned7 20. Qg4 Bg7 21. h4
Ne4 22. fxg6 hxg6 23. Ne2 Ne5 24. Qh3 Qc8 25. Qxc8 Raxc8 26. Bd4 Nd6 27. Bxe5
Rxe5 28. c3 Rce8 29. Kf1 Kf8 30. Nc1 b5 31. Nd3 Rxe1+ 32. Rxe1 Rxe1+ 33. Kxe1
d4 34. cxd4 Bxd4 35. b3 axb3 36. Bxb3 c5 37. Bd5 Nf5 38. g3 c4 39. Nb4 Bc3+ 40.
Kd1 Nd4 41. Nc6 Bb2 42. Nxd4 Bxd4 43. f3 Bc5 44. Bc6 Bxa3 45. Bxb5 Bd6 46. Bxc4
Bxg3 47. Ke2 Bxh4 48. f4 g5 49. fxg5 Bxg5 50. Bxf7 Kxf7 1/2-1/2

[Event "Jugend WM U20"]
[Site "Istanbul"]
[Date "2005.11.13"]
[Round "5.7"]
[White "Kharitonov, Alexandr"]
[Black "Kuderinov, Kirill"]
[Result "1-0"]
[WhiteElo "2545"]
[BlackElo "2432"]
[PlyCount "130"]
[EventDate "2005.11.??"]
[EventType "swiss"]
[EventRounds "13"]
[EventCountry "TUR"]
[Source "Reinhold Goldau"]
[SourceDate "2000.03.01"]

1. d4 Nf6 2. c4 g6 3. g3 Bg7 4. Bg2 O-O 5. Nc3 d6 6. Nf3 Nc6 7. O-O Bf5 8. Ne1
Na5 9. e4 Bg4 10. f3 Bd7 11. Qd3 c5 12. d5 a6 13. b3 b5 14. Rb1 e6 15. g4 exd5
16. exd5 Rb8 17. Nc2 bxc4 18. bxc4 Rxb1 19. Nxb1 Qb6 20. Nc3 Bc8 21. Bd2 Nd7
22. f4 Qd8 23. Ne4 Nb7 24. g5 f5 25. Nf2 Nb6 26. Rb1 Re8 27. Bf1 Na8 28. Qa3
Nc7 29. Bd3 Qe7 30. Rb6 h6 31. h4 hxg5 32. hxg5 Nd8 33. Rb8 Nf7 34. Qb3 Qd7 35.
Qb6 Nd8 36. Ba5 Re7 37. Qa7 Kh7 38. Kf1 Nf7 39. Qb6 Nd8 40. Nd1 Kg8 41. Nde3
Bf8 42. Nd1 Bg7 43. Kg2 Kh7 44. Nc3 Bxc3 45. Bxc3 Ne8 46. Ra8 Ne6 47. Bd2 Nxg5
48. Qc6 Ne4 49. Ba5 Qxc6 50. dxc6 Be6 51. Ne3 N4f6 52. Bd8 Rf7 53. Rxa6 Nc7 54.
Ra7 Nfe8 55. Be2 d5 56. cxd5 Nxd5 57. Rxf7+ Bxf7 58. Kf3 Be6 59. c7 Nd6 60. Ba6
Nc8 61. Be7 Kg7 62. Bxc5 Kf6 63. Bb7 Bd7 64. Bc6 Be6 65. Bxd5 Bxd5+ 1-0

[Event "Jugend WM U20"]
[Site "Istanbul"]
[Date "2005.11.13"]
[Round "5.8"]
[White "Lenic, Luka"]
[Black "L'Ami, Erwin"]
[Result "0-1"]
[WhiteElo "2476"]
[BlackElo "2541"]
[PlyCount "94"]
[EventDate "2005.11.??"]
[EventType "swiss"]
[EventRounds "13"]
[EventCountry "TUR"]
[Source "Reinhold Goldau"]
[SourceDate "2000.03.01"]

1. e4 e6 2. d4 d5 3. Nd2 Nf6 4. e5 Nfd7 5. Bd3 c5 6. c3 Nc6 7. Ne2 cxd4 8. cxd4
f6 9. exf6 Nxf6 10. Nf3 Bd6 11. O-O O-O 12. Bf4 Bxf4 13. Nxf4 Ne4 14. Ne2 Rxf3
15. gxf3 Ng5 16. f4 Nh3+ 17. Kh1 Qh4 18. Qe1 Nxf4 19. Nxf4 Qxf4 20. Qe3 Qxd4
21. Qxd4 Nxd4 22. f4 Bd7 23. Rac1 Bc6 24. Kg2 Rf8 25. Kg3 h6 26. h4 Kf7 27. Kf2
Ke7 28. Ke3 Nf5+ 29. Bxf5 Rxf5 30. Kd4 Kd6 31. Rce1 Bb5 32. Rf3 g5 33. hxg5
hxg5 34. Ke3 d4+ 35. Kxd4 gxf4 36. Rh3 e5+ 37. Ke4 Rf6 38. Rd1+ Ke6 39. Kf3
Bc6+ 40. Kf2 e4 41. Rh5 Rg6 42. Rd4 e3+ 43. Ke2 Rg2+ 44. Kd3 Rd2+ 45. Kc3 Rf2
46. a4 Rf1 47. Rh2 f3 0-1

[Event "Jugend WM U20"]
[Site "Istanbul"]
[Date "2005.11.13"]
[Round "5.9"]
[White "Wei, Chenpeng"]
[Black "Kurnosov, Igor"]
[Result "1/2-1/2"]
[WhiteElo "2390"]
[BlackElo "2523"]
[PlyCount "89"]
[EventDate "2005.11.??"]
[EventType "swiss"]
[EventRounds "13"]
[EventCountry "TUR"]
[Source "Reinhold Goldau"]
[SourceDate "2000.03.01"]

1. e4 c5 2. Nf3 d6 3. d4 cxd4 4. Nxd4 Nf6 5. Nc3 a6 6. Be3 e6 7. f3 b5 8. g4 h6
9. Qd2 b4 10. Nce2 e5 11. Nb3 a5 12. c4 a4 13. Nbc1 Nc6 14. Ng3 Be6 15. h4 h5
16. g5 Nd7 17. Nd3 Qa5 18. Rc1 Nc5 19. Be2 g6 20. O-O Be7 21. f4 Nxd3 22. Bxd3
exf4 23. Rxf4 b3 24. axb3 Qxd2 25. Bxd2 axb3 26. Rc3 Rb8 27. Bf1 Ne5 28. Rf2
O-O 29. Bf4 f6 30. Ne2 fxg5 31. hxg5 Ng4 32. Rff3 Ne5 33. Rf2 Bxc4 34. Bxe5
Rxf2 35. Kxf2 Bxe2 36. Bxd6 Bxd6 37. Bxe2 Be5 38. Rxb3 Bd4+ 39. Kg2 Rxb3 40.
Bc4+ Kg7 41. Bxb3 Bxb2 42. Bd1 Bc1 43. e5 Bxg5 44. Bxh5 gxh5 45. e6 1/2-1/2

[Event "Jugend WM U20"]
[Site "Istanbul"]
[Date "2005.11.13"]
[Round "5.10"]
[White "Berkes, Ferenc"]
[Black "Glud, Jacob Vang"]
[Result "1-0"]
[WhiteElo "2596"]
[BlackElo "2349"]
[PlyCount "45"]
[EventDate "2005.11.??"]
[EventType "swiss"]
[EventRounds "13"]
[EventCountry "TUR"]
[Source "Reinhold Goldau"]
[SourceDate "2000.03.01"]

1. d4 d5 2. c4 e6 3. Nc3 Be7 4. Nf3 Nf6 5. Bg5 O-O 6. e3 Nbd7 7. Rc1 a6 8. c5
c6 9. Bd3 e5 10. dxe5 Ne8 11. h4 Nxc5 12. Bb1 Ne6 13. Qa4 Bd7 14. Rd1 g6 15.
Bxe7 Qxe7 16. h5 b5 17. Qg4 b4 18. Ne2 N6g7 19. Qg3 Nf5 20. Qf4 f6 21. hxg6
hxg6 22. g4 fxe5 23. Qxe5 1-0

[Event "Jugend WM U20"]
[Site "Istanbul"]
[Date "2005.11.13"]
[Round "5.12"]
[White "Terrieux, Kevin"]
[Black "Nyback, Tomi"]
[Result "1/2-1/2"]
[WhiteElo "2365"]
[BlackElo "2563"]
[PlyCount "108"]
[EventDate "2005.11.??"]
[EventType "swiss"]
[EventRounds "13"]
[EventCountry "TUR"]
[Source "Reinhold Goldau"]
[SourceDate "2000.03.01"]

1. d4 Nf6 2. c4 g6 3. Nc3 d5 4. Nf3 Bg7 5. Qb3 dxc4 6. Qxc4 O-O 7. e4 Nc6 8.
Be3 Bg4 9. Rd1 Nd7 10. Be2 Bxf3 11. Bxf3 e5 12. d5 Nd4 13. Ne2 Nxf3+ 14. gxf3
Qf6 15. Ng1 Rfc8 16. Qb3 Nb6 17. a4 a5 18. Kf1 Qh4 19. d6 Bh6 20. Bxh6 Qxh6 21.
dxc7 g5 22. Kg2 Rxc7 23. Ne2 Qe6 24. Qxe6 fxe6 25. b3 Rac8 26. h4 gxh4 27. Rxh4
Rg7+ 28. Rg4 Kf7 29. Rd6 Rc6 30. Rxg7+ Kxg7 31. Rd8 Rc8 32. Rd6 Rc6 33. Rd8 Kf6
34. Rf8+ Kg7 35. Rb8 Rc7 36. Nc3 Nd7 37. Rd8 Nc5 38. Nb5 Re7 39. Rc8 Nxb3 40.
Rc3 Nd4 41. Rc5 Kf6 42. Nxd4 exd4 43. Rxa5 Rd7 44. Kf1 d3 45. Ke1 d2+ 46. Kd1
e5 47. f4 exf4 48. Rf5+ Kg6 49. Rxf4 h5 50. e5 Kg5 51. e6 Re7 52. Re4 Kf5 53.
Rh4 Kg5 54. Re4 Kf5 1/2-1/2

[Event "Jugend WM U20"]
[Site "Istanbul"]
[Date "2005.11.13"]
[Round "5.13"]
[White "Khairullin, Ildar"]
[Black "Kurmann, Oliver"]
[Result "1-0"]
[WhiteElo "2537"]
[BlackElo "2287"]
[PlyCount "59"]
[EventDate "2005.11.??"]
[EventType "swiss"]
[EventRounds "13"]
[EventCountry "TUR"]
[Source "Reinhold Goldau"]
[SourceDate "2000.03.01"]

1. e4 e6 2. d4 d5 3. e5 c5 4. c3 Nc6 5. Nf3 Bd7 6. Be2 Nge7 7. Na3 Ng6 8. h4
Be7 9. g3 cxd4 10. cxd4 O-O 11. Nc2 f6 12. h5 Nh8 13. h6 g6 14. exf6 Bxf6 15.
Bf4 Nf7 16. Qd2 Qe7 17. O-O-O Rfc8 18. Kb1 a5 19. Bd3 a4 20. Rhe1 Na5 21. Ne3
Qd8 22. Ng4 Be7 23. Nfe5 Nxe5 24. Nxe5 Be8 25. Qe2 Nc6 26. Nxg6 Bxg6 27. Bxg6
hxg6 28. Qxe6+ Kh8 29. Qf7 Bf8 30. Re6 1-0

[Event "Jugend WM U20"]
[Site "Istanbul"]
[Date "2005.11.13"]
[Round "5.15"]
[White "Poobesh Anand, S."]
[Black "Bartel, Mateusz"]
[Result "0-1"]
[WhiteElo "2397"]
[BlackElo "2513"]
[PlyCount "104"]
[EventDate "2005.11.??"]
[EventType "swiss"]
[EventRounds "13"]
[EventCountry "TUR"]
[Source "Reinhold Goldau"]
[SourceDate "2000.03.01"]

1. d4 f5 2. c4 Nf6 3. g3 g6 4. Bg2 Bg7 5. Nf3 O-O 6. O-O d6 7. b3 Ne4 8. Bb2 c6
9. Nc3 d5 10. Rc1 Be6 11. Qd3 Na6 12. cxd5 cxd5 13. Qb5 Nd6 14. Qa4 Nc7 15. Ng5
Bd7 16. Qa3 Bc6 17. Nf3 Nf7 18. Rfd1 g5 19. Ba1 f4 20. gxf4 gxf4 21. Qb2 Kh8
22. Qd2 Ne6 23. Bb2 Nfg5 24. Kh1 Nxf3 25. exf3 Rf6 26. Na4 Rh6 27. Rg1 Qe8 28.
Bf1 Qh5 29. Rg2 Qxf3 30. Be2 Qh3 31. Bg4 Qh4 32. f3 Qf6 33. Re1 Nf8 34. Nc5 Qd6
35. Nd3 Rf6 36. Reg1 Ng6 37. Bh5 Rg8 38. Bxg6 hxg6 39. Ne5 Be8 40. Qf2 Kh7 41.
Qh4+ Bh6 42. Ng4 g5 43. Nxf6+ exf6 44. Qe1 Bh5 45. Rf1 Qd7 46. Re2 Qh3 47. Qf2
g4 48. Re7+ Kh8 49. fxg4 Rxg4 50. Bc1 Rg3 51. Re8+ Bxe8 52. Bxf4 Bg6 0-1

[Event "Jugend WM U20"]
[Site "Istanbul"]
[Date "2005.11.13"]
[Round "5.16"]
[White "Zinchenko, Yaroslav"]
[Black "Li, Chao"]
[Result "1/2-1/2"]
[WhiteElo "2485"]
[BlackElo "2305"]
[PlyCount "166"]
[EventDate "2005.11.??"]
[EventType "swiss"]
[EventRounds "13"]
[EventCountry "TUR"]
[Source "Reinhold Goldau"]
[SourceDate "2000.03.01"]

1. e4 c5 2. Nf3 d6 3. d4 Nf6 4. Nc3 cxd4 5. Nxd4 a6 6. a4 Nbd7 7. Be2 Nc5 8.
Bf3 e5 9. Nde2 Be7 10. Ng3 O-O 11. O-O Be6 12. Bg5 Rc8 13. Bxf6 Bxf6 14. Nd5
Bg5 15. a5 g6 16. Ra3 Kh8 17. Bg4 f5 18. Bf3 fxe4 19. Nxe4 Nxe4 20. Bxe4 Rc4
21. Qe2 Rc5 22. Nb6 Rxa5 23. Rxa5 Qxb6 24. Raa1 Qxb2 25. Rab1 Qd4 26. Rxb7 Bg8
27. Rbb1 a5 28. Rbd1 Qc4 29. Qxc4 Bxc4 30. Rfe1 Be7 31. Bd5 Rc8 32. Bxc4 Rxc4
33. Rd5 a4 34. Ra1 Rxc2 35. g3 Kg7 36. Rxa4 Kf6 37. Ra1 Ke6 38. Rad1 Rc6 39.
Rb5 h6 40. Rd2 Bg5 41. Re2 Bd8 42. Rb8 Bb6 43. Kg2 Bd4 44. g4 Kf6 45. h4 Rc4
46. Rb7 Bc5 47. f3 Ba3 48. Rd2 Rc6 49. Ra7 Bc1 50. Rda2 Rc3 51. Rd7 Ba3 52. Rh7
Bc1 53. Rd7 Rc6 54. Raa7 Bf4 55. Rf7+ Ke6 56. Rg7 Rc2+ 57. Kf1 Kd5 58. Ra4 Rc1+
59. Ke2 Rc2+ 60. Kd3 Rd2+ 61. Kc3 Rf2 62. Ra5+ Kc6 63. Ra6+ Kc5 64. Rxg6 Rxf3+
65. Kc2 e4 66. Ra4 d5 67. Rf6 Rf2+ 68. Kd1 Rd2+ 69. Ke1 Be3 70. Rf5 Kd6 71.
Ra6+ Ke7 72. Ra3 d4 73. Re5+ Kd6 74. Rxe4 Rh2 75. Ra6+ Kd5 76. Rxe3 dxe3 77.
Rxh6 Ke4 78. g5 Rh1+ 79. Ke2 Rh2+ 80. Kf1 Rh1+ 81. Kg2 e2 82. Re6+ Kf5 83. Rxe2
Rxh4 1/2-1/2

[Event "Jugend WM U20"]
[Site "Istanbul"]
[Date "2005.11.13"]
[Round "5.17"]
[White "Tikkanen, Hans"]
[Black "Babujian, Levon"]
[Result "0-1"]
[WhiteElo "2343"]
[BlackElo "2429"]
[PlyCount "66"]
[EventDate "2005.11.??"]
[EventType "swiss"]
[EventRounds "13"]
[EventCountry "TUR"]
[Source "Reinhold Goldau"]
[SourceDate "2000.03.01"]

1. d4 d5 2. c4 e6 3. Nc3 Nf6 4. cxd5 exd5 5. Bg5 Be7 6. e3 Nbd7 7. Bd3 O-O 8.
Qc2 Re8 9. Nf3 c6 10. O-O h6 11. Bf4 Nf8 12. h3 Bd6 13. Ne5 Qe7 14. Rae1 N6d7
15. Nf3 Ne6 16. Bxd6 Qxd6 17. e4 dxe4 18. Nxe4 Qf4 19. Qb3 Rd8 20. Ng3 Nf6 21.
Nf5 Nd5 22. Bb1 Ng5 23. N3h4 b6 24. Re5 Bxf5 25. Nxf5 Re8 26. Qc2 Rxe5 27. dxe5
Nb4 28. Qc3 c5 29. Re1 Rd8 30. Nd6 Nc6 31. Nc4 Nd4 32. Qe3 Ndf3+ 33. gxf3 Qxf3
0-1

[Event "Jugend WM U20"]
[Site "Istanbul"]
[Date "2005.11.13"]
[Round "5.18"]
[White "Laznicka, Viktor"]
[Black "Maenhout, Thibaut"]
[Result "1-0"]
[WhiteElo "2517"]
[BlackElo "2282"]
[PlyCount "81"]
[EventDate "2005.11.??"]
[EventType "swiss"]
[EventRounds "13"]
[EventCountry "TUR"]
[Source "Reinhold Goldau"]
[SourceDate "2000.03.01"]

1. Nf3 Nf6 2. c4 c6 3. b3 g6 4. Bb2 Bg7 5. e3 O-O 6. Be2 d6 7. d4 e5 8. dxe5
Ng4 9. Nc3 dxe5 10. h3 Nh6 11. Ne4 Qc7 12. Qd6 Qxd6 13. Nxd6 Nd7 14. O-O-O Rd8
15. g4 f6 16. g5 Nf7 17. gxf6 Bxf6 18. Nxf7 Kxf7 19. Nxe5+ Nxe5 20. Rxd8 Bxd8
21. Bxe5 Be6 22. Bg4 Be7 23. Kd2 a5 24. a4 h5 25. Bxe6+ Kxe6 26. Bd4 g5 27. Ke2
Bd6 28. Rg1 Rg8 29. Bb6 Bb4 30. f4 Kf5 31. fxg5 Rxg5 32. Rxg5+ Kxg5 33. Kf3 Kf5
34. Bc7 Be1 35. Bb6 Bb4 36. Bd4 Bd6 37. Bc3 b6 38. Bd4 c5 39. Bc3 Bb8 40. Be1
Bc7 41. Bh4 1-0

[Event "Jugend WM U20"]
[Site "Istanbul"]
[Date "2005.11.13"]
[Round "5.19"]
[White "Moradiabadi, Elshan"]
[Black "Jojua, Davit"]
[Result "1/2-1/2"]
[WhiteElo "2497"]
[BlackElo "2337"]
[PlyCount "65"]
[EventDate "2005.11.??"]
[EventType "swiss"]
[EventRounds "13"]
[EventCountry "TUR"]
[Source "Reinhold Goldau"]
[SourceDate "2000.03.01"]

1. d4 Nf6 2. c4 e6 3. Nc3 Bb4 4. e3 c5 5. Bd3 Nc6 6. Nf3 Bxc3+ 7. bxc3 d6 8.
O-O e5 9. Nd2 O-O 10. Rb1 Re8 11. d5 Ne7 12. e4 b6 13. f3 Rf8 14. Rf2 Ne8 15.
Qc2 h6 16. g4 Ng6 17. Nf1 Nf4 18. Bxf4 exf4 19. Re1 Qf6 20. e5 dxe5 21. Rfe2
Nd6 22. Rxe5 Bd7 23. Nd2 Rfe8 24. Rxe8+ Rxe8 25. Rxe8+ Bxe8 26. Ne4 Nxe4 27.
Bxe4 Kf8 28. Qd2 Ke7 29. Qc1 Kd6 30. Qa3 a5 31. Qb2 Kc7 32. Qd2 Kd6 33. Qb2
1/2-1/2

[Event "Jugend WM U20"]
[Site "Istanbul"]
[Date "2005.11.13"]
[Round "5.20"]
[White "Gopal, GN."]
[Black "Zhigalko, Sergei"]
[Result "0-1"]
[WhiteElo "2327"]
[BlackElo "2490"]
[PlyCount "168"]
[EventDate "2005.11.??"]
[EventType "swiss"]
[EventRounds "13"]
[EventCountry "TUR"]
[Source "Reinhold Goldau"]
[SourceDate "2000.03.01"]

1. e4 c5 2. Nf3 Nc6 3. Bb5 Nf6 4. Nc3 Qc7 5. O-O Nd4 6. Re1 a6 7. Bc4 d6 8. Nd5
Nxd5 9. exd5 g6 10. Nxd4 cxd4 11. d3 h6 12. a4 Bg7 13. Qe2 Bf6 14. b4 Kf8 15.
Bb2 h5 16. h3 h4 17. f4 Qb6 18. Qf2 Bf5 19. a5 Qa7 20. Re2 Rc8 21. Rae1 Rc7 22.
Bb3 b5 23. axb6 Qxb6 24. Bc4 a5 25. b5 Rh5 26. Ra1 Kg7 27. Bc3 Ra7 28. Rae1 Rb7
29. Ba1 Kg8 30. Rb1 Rh8 31. Bb2 Kg7 32. Ba3 Rc8 33. Kh2 Qa7 34. Ree1 Rcb8 35.
Rb3 Bd7 36. Reb1 a4 37. R3b2 Qa5 38. Bb4 Qc7 39. Ba3 e6 40. Qf3 Rb6 41. Bb4
exd5 42. Bxd5 Rxb5 43. Bc4 Bc6 44. Qf2 R5b7 45. Ba3 Rxb2 46. Rxb2 Rxb2 47. Bxb2
Qb6 48. Ba3 Bb7 49. Ba2 Qc6 50. Qe2 Qd7 51. Qe1 Qc6 52. Qe2 Qc7 53. Qe8 Bc6 54.
Qe2 Qd7 55. Qe1 Bb7 56. Qe2 d5 57. Bb4 Qe6 58. Qxe6 fxe6 59. g4 hxg3+ 60. Kxg3
Bc8 61. Bc5 Kh6 62. Bd6 Kh5 63. Bc5 Bd7 64. Bd6 Be8 65. Bc5 g5 66. Bd6 Bg6 67.
Bc7 Bf5 68. Bd6 g4 69. hxg4+ Bxg4 70. Bc7 Bh4+ 71. Kg2 Kg6 72. Kf1 Bf3 73. Bb6
Bf6 74. Ke1 Kf5 75. Bc7 Bh4+ 76. Kd2 Bg3 77. c4 dxc3+ 78. Kxc3 Bxf4 79. Ba5 Bd6
80. Bb1 e5 81. Bc2 d4+ 82. Kc4 Ke6 83. Bb6 a3 84. Bb3 Bd5+ 0-1

[Event "Jugend WM U20"]
[Site "Istanbul"]
[Date "2005.11.13"]
[Round "5.21"]
[White "Magalashvili, Davit"]
[Black "Nava, Roderick"]
[Result "1/2-1/2"]
[WhiteElo "2448"]
[BlackElo "2317"]
[PlyCount "64"]
[EventDate "2005.11.??"]
[EventType "swiss"]
[EventRounds "13"]
[EventCountry "TUR"]
[Source "Reinhold Goldau"]
[SourceDate "2000.03.01"]

1. d4 Nf6 2. c4 g6 3. g3 Bg7 4. Bg2 O-O 5. Nc3 d6 6. e3 c5 7. Nge2 Nc6 8. O-O
cxd4 9. Nxd4 Bd7 10. b3 Rc8 11. Bb2 a6 12. Re1 Qa5 13. a4 Rfd8 14. Nd5 Nxd5 15.
Bxd5 e6 16. Bg2 Nxd4 17. Bxd4 Bc6 18. e4 Qb4 19. Bxg7 Kxg7 20. Re3 b5 21. Qd4+
e5 22. Qb6 Qc5 23. Qxc5 dxc5 24. cxb5 axb5 25. Rc3 bxa4 26. bxa4 Bd7 27. a5 Be6
28. a6 c4 29. Bf1 Rc6 30. f4 Ra8 31. Rca3 Ra7 32. fxe5 Bc8 1/2-1/2